000 00299nam a2200145Ia 4500
100 _aLathi/B.P
942 _cBK
366 _f20
245 _aPrinciples of Linear systems and signals
260 _bOxford
_c2009
082 _a3.74
_bLAT
300 _a969
546 _aENGLISH
_cTTL
999 _c27125
_d27125